000 01064nam a22003377a 4500
003 CHAP
005 20220329143605.0
008 100730s2006 mx r 00010 spa d
010 _a98954
011 _a99926
020 _a9680202607
035 _a110612
040 _cCHAP
082 1 4 _a863
_bZ88
100 0 0 _aZurita Zafra, Moisés.
_9124306
245 1 0 _aCierro los ojos, me voy
_c/por Moisés Zurita Zafra
260 _aChapingo, Mex. :
_bUACH,
_c2006
300 _a81 p.
590 _aBATCH-UPD
_b10
_c20130110
_lUCH01
_h1001
590 _aBATCH-UPD
_b10
_c20130410
_lUCH01
_h0612
590 _aBATCH-UPD
_b10
_c20130914
_lUCH01
_h1035
590 _aCONVERSION
_b10
_c20130109
_lUCH01
_h1355
650 1 4 _aCuentos mexicanos.
_930097
650 1 4 _aLiteratura
_xReseñas.
_967118
650 1 4 _aNovela.
_982011
710 0 _aConsejo Nacional para la Cultura y las Artes. México.
_927328
710 2 _aInstituto Mexiquense de Cultura.
_959271
901 _aBK
942 _cLIBRO
949 _a863 Z88
_bBC
_cUACH
_d33724002215587
_eUACH
_gI.c/e
_h113041
_i110612
_sb
999 _c98954
_d98954